000 00804nam a2200217 a 4500
001 000025780
005 20240307073947.0
008 110222s2002 dr r 000 p spa d
040 _aDO-SdBNP
_bspa
_cBNPHU
082 _aRD861.44
_bC634L
100 1 _aCleto Torres, Ramón
_952579
245 1 0 _aLuz de mis sueños /
_cRamón Cleto Torres.
260 _aSanto Domingo :
_bUASD,
_c2002.
300 _a51 p. ;
_c22 cm.
490 1 _aPublicaciones de la Universidad Autónoma de Santo Domingo
_v1073
500 _aIncluye datos biográficos del autor en la contracubierta
590 _aInventariado, 2018/BT
710 1 _aUniversidad Autónoma de Santo Domingo
_972951
830 _aPublicaciones de la Universidad Autónoma de Santo Domingo ;
_n1150
_911848
910 _aValidado. Control de calidad. MFF
999 _c25272
_d25272